Statistiken für Alle Bundesligaspieler mit mindestens 400 Einsätzen

Klicken Sie hier um das Quiz zu spielen!

Allgemein

  • Dieses Quiz wurde 721 mal gespielt
    (478 seit der letzten Aktualisierung)
  • Das Durchschnittsergebnis liegt bei 13 aus 72

Antwortstatistiken

RangSpielerSpieleVerein% Korrekt
31.Thomas Müller442FC Bayern München
94%
39.Gerd Müller427FC Bayern München
92%
"Manuel Neuer478FC Bayern München
73%
3.Oliver Kahn557FC Bayern München
59%
18.Sepp Maier473FC Bayern München
53%
43.Franz Beckenbauer424FC Bayern München
50%
1.Karl-Heinz Körbel602Eintracht Frankfurt
45%
"Lothar Matthäus464FC Bayern München
40%
53.Mats Hummels417Borussia Dortmund
38%
14.Claudio Pizarro490SV Werder Bremen
36%
6.Klaus Fischer535FC Schalke 04
34%
2.Manfred Kaltz581Hamburger SV
31%
23.Michael Zorc463Borussia Dortmund
26%
29.Manfred Burgsmüller447Borussia Dortmund
24%
30.Olaf Thon443FC Schalke 04
23%
"Oliver Baumann427TSG 1899 Hoffenheim
23%
"Klaus Allofs4241. FC Köln
21%
55.Hans-Georg Schwarzenbeck416FC Bayern München
20%
4.Klaus Fichtel552FC Schalke 04
19%
38Andreas Möller429Borussia Dortmund
18%
5.Miroslav Votava546SV Werder Bremen
18%
60.Wolfgang Overath4091. FC Köln
18%
50.Berti Vogts419Borussia Mönchengladbach
17%
"Frank Rost426Hamburger SV
17%
7.Eike Immel534VfB Stuttgart
16%
21.Harald "Toni" Schumacher4641. FC Köln
16%
32.Jürgen Grabowski441Eintracht Frankfurt
16%
10.Ulrich Stein512Hamburger SV
16%
12.Bernard Dietz495MSV Duisburg
15%
65.Klaus Augenthaler404FC Bayern München
15%
19.Oliver Reck471SV Werder Bremen
15%
62.Pierre Littbarski4061. FC Köln
15%
66.Stefan Kießling403Bayer 04 Leverkusen
15%
47.Bernd Hölzenbein420Eintracht Frankfurt
13%
68.Torsten Frings402SV Werder Bremen
13%
16.Dieter Burdenski478SV Werder Bremen
12%
28.Stefan Kuntz4491. FC Kaiserslautern
12%
"Thomas Häßler4001. FC Köln
12%
"Johannes Riedl4411. FC Kaiserslautern
10%
25.Norbert Nigbur456FC Schalke 04
10%
9.Michael Lameck518VfL Bochum
9%
11.Stefan Reuter502Borussia Dortmund
9%
36.Wolfgang Kleff433Borussia Mönchengladbach
9%
20.Christian Wörns469Borussia Dortmund
8%
"Horst-Dieter Höttges420SV Werder Bremen
8%
"Richard Golz453Hamburger SV
8%
"Winfried Schäfer403Borussia Mönchengladbach
8%
41.Bernd Nickel426Eintracht Frankfurt
7%
13.Ditmar Jakobs493Hamburger SV
7%
69.Rüdiger Vollborn401Bayer 04 Leverkusen
7%
61.Rudi Kargus408Hamburger SV
7%
8.Willi Neuberger520Eintracht Frankfurt
6%
37.Christian Gentner430VfB Stuttgart
5%
34.Gerd Zewe440Fortuna Düsseldorf
5%
46.Gonzalo Castro421Bayer 04 Leverkusen
5%
"Martin Kree401VfL Bochum
5%
45.Sigfried Held422Borussia Dortmund
5%
58.Georg Volkert410Hamburger SV
4%
"Holger Fach416Fortuna Düsseldorf
4%
"Lothar Woelk420VfL Bochum
4%
35.Michael Frontzeck436Borussia Mönchengladbach
4%
26.Rolf Rüssmann453FC Schalke 04
4%
"Rudi Bommer417Fortuna Düsseldorf
4%
57.Dieter Bast412VfL Bochum
3%
24.Franz-Josef Tenhagen457VfL Bochum
3%
15.Reiner Geye4851. FC Kaiserslautern
3%
"Heinz Simmet4191. FC Köln
2%
"Karlheinz Geils405SV Werder Bremen
2%
71.Klaus Zaczyk400Hamburger SV
2%
"Marcel Witeczek410Bayer 05 Uerdingen
2%
63.Michael Bella405MSV Duisburg
2%
"Franz Merkhoffer419Eintracht Braunschweig
1%

Verteilung der Resultate

Perzentil nach korrekt beantworteten Fragen

Anzahl Personen mit jedem Resultat

Ihre Resultats-Entwicklung

Sie haben dieses Quiz seit der letzten Aktualisierung nicht gespielt